Teória imidža pôvod, definovanie a používanie fenoménu imidž

Saved in:
Bibliographic Details
Main Author: Lieskovská, Vanda, 1961-
Format: Book
Language:Slovak
Published: Košice [Podnikovohospodárska fakulta EU] 2007
Subjects:
Tags: Add Tag
No Tags, Be the first to tag this record!

MARC

LEADER 00000nam$a2200000$$$4500
001 0111321
005 20240502072231.1
041 0 |a slo 
044 |a SK 
245 1 0 |a Teória imidža  |b pôvod, definovanie a používanie fenoménu imidž  |c Vanda Lieskovská 
264 1 |a Košice  |b [Podnikovohospodárska fakulta EU]  |c 2007 
610 2 0 |a imidž 
610 2 0 |a marketing 
100 1 |a Lieskovská, Vanda, 1961-